[Event "Las Palmas San Mateo CC op 1st"]
[Site "Las Palmas"]
[Date "2023.12.09"]
[Round "9"]
[White "Oudeh Mishmesh, Omar"]
[Black "Moreno Diepa, Diego"]
[Result "1-0"]
[WhiteElo "2247"]
[BlackElo "2138"]
[PlyCount "131"]
[EventDate "2023.12.04"]
[EventType "swiss"]
[EventRounds "9"]
[EventCountry "ESP"]
[SourceTitle "CB50_2023"]
[SourceDate "2023.12.13"]
[SourceVersion "1"]
[SourceVersionDate "2023.12.13"]
[SourceQuality "1"]

1. c4 e5 2. Nc3 Nf6 3. Nf3 Nc6 4. e3 Be7 5. Qb3 0-0 6. d3 d6 7. Bd2 Nb8 8. Be2 c6 9. 0-0 Nbd7 10. d4 Re8 11. Qc2 Bf8 12. Bd3 g6 13. d5 Nc5 14. e4 cxd5 15. cxd5 Bd7 16. b4 Nxd3 17. Qxd3 Nh5 18. Rac1 Rc8 19. Rfe1 Nf4 20. Bxf4 exf4 21. Nb1 Bg7 22. Nbd2 Qb6 23. Qb3 Qa6 24. h3 Ba4 25. Qb1 Bc3 26. e5 dxe5 27. Rxc3 Rxc3 28. Ne4 Bc2 29. Qa1 Bxe4 30. Qxc3 Bxf3 31. gxf3 Qf6 32. Rd1 Rd8 33. Kh2 Qd6 34. Kg2 Kf8 35. Qc4 Ke7 36. Qb5 Rd7 37. a3 Rc7 38. Rd2 Rd7 39. Qc4 Rc7 40. Qe4 Rd7 41. Qd3 f6 42. Qe4 Rc7 43. Qd3 Rd7 44. Qb3 a6 45. b5 axb5 46. Qxb5 Qa6 47. Qc5+ Qd6 48. Qc8 Rd8 49. Qxb7+ Rd7 50. Qc8 Rd8 51. Qc3 Ra8 52. Qb3 Ra7 53. a4 f5 54. Qc4 Rc7 55. Qb5 Kf7 56. Qd3 Ra7 57. Rc2 Rxa4 58. Qb5 Ra7 59. Rc6 Qd7 60. Qc4 Ke7 61. d6+ Kf6 62. Qc5 Rb7 63. Rc7 Qb5 64. d7 Qxc5 65. d8Q+ Qe7 66. Qxe7# 1-0

[Event "Gran Canaria Vecindario op 1st"]
[Site "Gran Canaria"]
[Date "2023.11.04"]
[Round "4"]
[White "Guerrero Orihuela, Jose Luis"]
[Black "Moreno Diepa, Diego"]
[Result "0-1"]
[WhiteElo "1751"]
[BlackElo "2071"]
[PlyCount "93"]
[EventDate "2023.11.04"]
[EventType "swiss"]
[EventRounds "9"]
[EventCountry "ESP"]
[SourceTitle "CB46_2023"]
[SourceDate "2023.11.15"]
[SourceVersion "1"]
[SourceVersionDate "2023.11.15"]
[SourceQuality "1"]

1. d4 Nf6 2. c4 c5 3. d5 b5 4. cxb5 a6 5. bxa6 g6 6. Nc3 Bg7 7. Nf3 0-0 8. g3 d6 9. Bg2 Qb6 10. 0-0 Bxa6 11. Qc2 Nbd7 12. Rb1 Qb7 13. Rd1 Nb6 14. e4 Nfd7 15. b3 Qc7 16. Bd2 Rfb8 17. a4 Nc8 18. Na2 Rb7 19. b4 cxb4 20. Qxc7 Rxc7 21. Nxb4 Be2 22. Rdc1 Nc5 23. Be3 h6 24. Nd4 Bxd4 25. Bxd4 Rxa4 26. Bxc5 dxc5 27. Nc6 Kg7 28. Rxc5 Bd3 29. Re1 f6 30. Rc3 Bb5 31. Rec1 Nd6 32. Rc5 Bxc6 33. Rxc6 Rca7 34. Rc7 Rxc7 35. Rxc7 Ra1+ 36. Bf1 Kf7 37. f3 Nb5 38. Rb7 Nd6 39. Rc7 Nb5 40. Rc4 Rd1 41. Kf2 Rd2+ 42. Ke3 Rxh2 43. Be2 Rg2 44. g4 Rg1 45. Rc5 Nd6 46. f4 Rg3+ 47. Bf3 0-1

[Event "Gran Canaria Vecindario op 1st"]
[Site "Gran Canaria"]
[Date "2023.11.04"]
[Round "1"]
[White "Moreno Diepa, Diego"]
[Black "Blanco Cruz, Miguel Angel"]
[Result "1-0"]
[WhiteElo "2071"]
[BlackElo "1250"]
[PlyCount "69"]
[EventDate "2023.11.04"]
[EventType "swiss"]
[EventRounds "9"]
[EventCountry "ESP"]
[SourceTitle "CB46_2023"]
[SourceDate "2023.11.15"]
[SourceVersion "1"]
[SourceVersionDate "2023.11.15"]
[SourceQuality "1"]

1. b3 d5 2. Bb2 Nf6 3. g3 Nc6 4. Bg2 e5 5. Nf3 Be6 6. Nxe5 Nxe5 7. Bxe5 Bd6 8. Bb2 0-0 9. 0-0 Be7 10. d3 c5 11. Nd2 Rc8 12. e4 dxe4 13. dxe4 Qc7 14. Qe2 Rfd8 15. e5 Nd5 16. Ne4 c4 17. Rad1 Nb6 18. Nd6 Bxd6 19. exd6 Rxd6 20. Qe5 f6 21. Qxd6 Qxd6 22. Rxd6 cxb3 23. cxb3 Rc7 24. Rxe6 Kf7 25. Re2 Nd7 26. Bd5+ Kf8 27. Ba3+ Nc5 28. Rfe1 g6 29. Re8+ Kg7 30. R8e7+ Rxe7 31. Rxe7+ Kh6 32. Bxc5 b6 33. Be3+ g5 34. Be4 a5 35. Rxh7# 1-0

[Event "San Cristobal op 5th"]
[Site "San Cristobal de La Laguna"]
[Date "2023.08.29"]
[Round "5"]
[White "Roeder, Mathias"]
[Black "Moreno Diepa, Diego"]
[Result "1-0"]
[WhiteElo "2335"]
[BlackElo "2059"]
[PlyCount "51"]
[EventDate "2023.08.26"]
[EventType "swiss"]
[EventRounds "9"]
[EventCountry "ESP"]
[SourceTitle "EXT 2024"]
[Source "ChessBase"]
[SourceDate "2023.10.10"]
[SourceVersion "1"]
[SourceVersionDate "2023.10.10"]
[SourceQuality "1"]

1. Nf3 d5 2. g3 Nf6 3. Bg2 g6 4. b3 Bg7 5. Bb2 0-0 6. c4 c6 7. 0-0 Nbd7 8. Qc2 Re8 9. d4 Ne4 10. Nbd2 Ndf6 11. Nxe4 Nxe4 12. e3 Bf5 13. Qe2 Qa5 14. Rfc1 Qa6 15. h3 Nd6 16. Bf1 h5 17. Kh2 Rac8 18. Ne5 Qa5 19. Bg2 Be6 20. Nd3 dxc4 21. Nc5 cxb3 22. axb3 Qb5 23. Qc2 Kh7 24. Bc3 Qb6 25. Ba5 Qb5 26. Bf1 1-0

[Event "ESP-ch U16 Rapid"]
[Site "Salobrena"]
[Date "2022.07.31"]
[Round "7"]
[White "Moreno Diepa, Diego"]
[Black "Cesar Maestre, Eduardo"]
[Result "1-0"]
[WhiteElo "1748"]
[BlackElo "1515"]
[PlyCount "85"]
[EventDate "2022.07.30"]
[EventType "swiss (rapid)"]
[EventRounds "9"]
[EventCountry "ESP"]
[SourceTitle "EXT 2023"]
[Source "ChessBase"]
[SourceDate "2022.10.05"]
[SourceVersion "1"]
[SourceVersionDate "2022.10.05"]
[SourceQuality "1"]

1. e4 c5 2. Nf3 d6 3. d4 cxd4 4. Nxd4 Nf6 5. Nc3 a6 6. Bg5 e6 7. f4 Be7 8. Qf3 Qc7 9. 0-0-0 Nbd7 10. g4 h6 11. Bh4 b5 12. Rg1 b4 13. Nd5 Nxd5 14. exd5 Bxh4 15. dxe6 Bb7 16. exd7+ Kxd7 17. Qh3 g5 18. Nf5 d5 19. Bd3 Qxf4+ 20. Kb1 Rhe8 21. Rgf1 Qe5 22. Nxh4 gxh4 23. Rxf7+ Kc6 24. Qxh4 Rad8 25. Qxh6+ Rd6 26. Qd2 a5 27. Rf5 Qg7 28. c3 Qxg4 29. Qc2 Kb6 30. Rf7 Ba6 31. Bxa6 Kxa6 32. Qd3+ Kb6 33. c4 d4 34. Rf5 Rc6 35. Rb5+ Kc7 36. Qh7+ Kd8 37. Rd5+ Kc8 38. R5xd4 Qe6 39. Qa7 Qf5+ 40. Ka1 Qc5 41. Qa8+ Kc7 42. Rd7+ Kb6 43. Qb7# 1-0

[Event "ESP-ch U16"]
[Site "Salobrena"]
[Date "2022.07.30"]
[Round "9"]
[White "Moreno Diepa, Diego"]
[Black "Ano Pla, Gerard"]
[Result "1/2-1/2"]
[WhiteElo "2060"]
[BlackElo "2159"]
[PlyCount "73"]
[EventDate "2022.07.25"]
[EventType "swiss"]
[EventRounds "9"]
[EventCountry "ESP"]
[SourceTitle "EXT 2023"]
[Source "ChessBase"]
[SourceDate "2022.10.05"]
[SourceVersion "1"]
[SourceVersionDate "2022.10.05"]
[SourceQuality "1"]

1. e4 c5 2. Nf3 Nc6 3. d4 cxd4 4. Nxd4 Nf6 5. Nc3 e5 6. Ndb5 d6 7. Bg5 a6 8. Na3 b5 9. Nd5 Be7 10. Bxf6 Bxf6 11. c4 Nd4 12. cxb5 0-0 13. bxa6 Bxa6 14. Bxa6 Qa5+ 15. Qd2 Qxa6 16. Nb4 Qb7 17. Nd5 Rfb8 18. 0-0 Qxb2 19. Qxb2 Rxb2 20. Nc4 Rbxa2 21. Rxa2 Rxa2 22. Rb1 h5 23. Nxd6 Bg5 24. g3 Ra8 25. Rb7 Rf8 26. Kg2 Ne6 27. h4 Bf6 28. Kh3 Nc5 29. Ra7 Bd8 30. f4 Bf6 31. Ne3 g6 32. Nec4 Nd3 33. Ra3 Nf2+ 34. Kg2 Ng4 35. Ra7 exf4 36. gxf4 Bxh4 37. e5 1/2-1/2

[Event "ESP-ch U16"]
[Site "Salobrena"]
[Date "2022.07.27"]
[Round "4"]
[White "Lopez Herrero, Israel"]
[Black "Moreno Diepa, Diego"]
[Result "0-1"]
[WhiteElo "1839"]
[BlackElo "2060"]
[PlyCount "68"]
[EventDate "2022.07.25"]
[EventType "swiss"]
[EventRounds "9"]
[EventCountry "ESP"]
[SourceTitle "EXT 2023"]
[Source "ChessBase"]
[SourceDate "2022.10.05"]
[SourceVersion "1"]
[SourceVersionDate "2022.10.05"]
[SourceQuality "1"]

1. e4 e6 2. d4 d5 3. e5 c5 4. c3 Nc6 5. Nf3 Bd7 6. Be2 Nge7 7. 0-0 cxd4 8. cxd4 Nf5 9. Nc3 Be7 10. Bf4 0-0 11. Qd2 f6 12. Bd3 Ncxd4 13. Nxd4 Nxd4 14. Bxh7+ Kxh7 15. Qxd4 f5 16. Rad1 Rc8 17. Rd3 Qb6 18. Rh3+ Kg8 19. Qd2 Rc4 20. Bh6 Rg4 21. Bf4 d4 22. Ne2 Bb5 23. Rb3 Qa6 24. Re1 Bxe2 25. h3 Rxf4 26. Qxf4 d3 27. Qd2 Rc8 28. Rc3 Rxc3 29. Qxc3 Qc6 30. Qb3 Kf7 31. Kh2 Qd5 32. Qxd5 exd5 33. e6+ Kf6 34. a3 d2 0-1

[Event "ESP-ch U16"]
[Site "Salobrena"]
[Date "2022.07.25"]
[Round "1"]
[White "Moreno Diepa, Diego"]
[Black "Bethencourt Hernandez, Alberto"]
[Result "1-0"]
[WhiteElo "2060"]
[BlackElo "1681"]
[PlyCount "65"]
[EventDate "2022.07.25"]
[EventType "swiss"]
[EventRounds "9"]
[EventCountry "ESP"]
[SourceTitle "EXT 2023"]
[Source "ChessBase"]
[SourceDate "2022.10.05"]
[SourceVersion "1"]
[SourceVersionDate "2022.10.05"]
[SourceQuality "1"]

1. e4 c5 2. Nf3 Nc6 3. h3 g6 4. Nc3 Bg7 5. Be2 d6 6. 0-0 Nf6 7. d3 0-0 8. Be3 Rb8 9. d4 cxd4 10. Nxd4 Nd7 11. Rb1 a6 12. Qd2 Nc5 13. b4 Ne6 14. Nf3 Nc7 15. Bb6 Be6 16. Nd5 Bxd5 17. exd5 Ne5 18. Nxe5 Bxe5 19. c4 Qd7 20. Bg4 f5 21. Bf3 Rfc8 22. Ba7 Ra8 23. Bd4 Ne8 24. Bxe5 dxe5 25. Rfc1 Nd6 26. c5 Nb5 27. Qe3 e4 28. Be2 e5 29. dxe6 Qd4 30. Qb3 Qe5 31. Bxb5 axb5 32. Rd1 Rc6 33. e7+ 1-0

[Event "Gran Canaria Cabildo Cup"]
[Site "Gran Canaria"]
[Date "2022.04.12"]
[Round "4"]
[White "Moreno Diepa, Diego"]
[Black "Rodriguez Melian, Jose Luis"]
[Result "1/2-1/2"]
[WhiteElo "1995"]
[BlackElo "2049"]
[PlyCount "25"]
[EventDate "2022.04.10"]
[EventType "swiss"]
[EventRounds "7"]
[EventCountry "ESP"]
[SourceTitle "CBM 207 Extra"]
[Source "ChessBase"]
[SourceDate "2022.05.31"]
[SourceVersion "1"]
[SourceVersionDate "2022.05.31"]
[SourceQuality "1"]

1. e4 e5 2. Nf3 Nf6 3. Nxe5 d6 4. Nf3 Nxe4 5. Nc3 Nxc3 6. dxc3 Be7 7. Bf4 0-0 8. Qd2 Nd7 9. 0-0-0 Nc5 10. Bc4 Ne6 11. Be3 c6 12. h4 d5 13. Bd3 1/2-1/2